000 00984nam a22002417a 4500
001 6132
003 FISKH
005 20250318101903.0
008 250318b cb ||||| |||| 00| 0 eng d
020 _a9781338046892
040 _aFISKH
_beng
_cFISKH
_dFISKH
050 _aPZ7.W35 W
100 _aWallace, Brandon
245 _aWilder boys /
_cBy Brandon Wallace
250 _aFirst Scholastic printing, March 2016
260 _aNew York :
_bScholastic ;
_c2015.
300 _a220 pages :
_billustrations ;
_c20 cm .
520 _aTo evade their mother's abusive boyfriend, brothers Jake, thirteen, and Taylor, eleven, venture from the suburbs of Pittsburgh toward the wilds of Wyoming in search of the father they have not seen in four years, using their wilderness skills to survive against both natural and human dangers. Includes wilderness tips .
650 _aAdventure
_vRealistic fiction
700 _aPaprocki, Karin
_eDesigner
942 _2ddc
_cBK
_n0
999 _c6132
_d6132